000 00329nam a2200145 a 4500
008 971212s1966||||xx 0 und c
040 _aSNK
_bslo
_cSNK
_eAACR2
100 1 _aFeuchtwanger, Lion
245 1 0 _aNepravĂ˝ Nero
260 _aPraha
_bSvoboda
_c1966
300 _a356 s.
020 _c18,50
044 _aCZ
041 _acze
999 _c9971
_d9971